000 00470nam a22001817a 4500
999 _c526522
_d526522
003 NUST
020 _a-
038 _aZafar Malik
082 _a891.491092
_bCHA
100 _aChandio, Javed
_914698
245 _aKhawaja Fareed \
_cJaved Chandio
260 _aBahawalpur :
_bSaraiki Adbi Majlis ;
_c2004.
300 _a504 p. ;
500 _aHardcover
880 _6100-02\r
_aجاوید چانڈیو
880 _6245-02\r
_aخواجہ فریدؒ
942 _2ddc
_cBK